[Event "HUN-chT 1011"]
[Site "Hungary"]
[Date "2010.11.20"]
[Round "3"]
[White "Szieberth, Adam"]
[Black "Barva, Attila"]
[Result "0-1"]
[WhiteElo "2320"]
[BlackElo "2361"]
[PlyCount "114"]
[EventDate "2010.10.10"]
[EventType "team-tourn"]
[EventRounds "11"]
[EventCountry "HUN"]
[SourceTitle "EXT 2012"]
[Source "ChessBase"]
[SourceDate "2011.11.24"]
[SourceVersion "1"]
[SourceVersionDate "2011.11.24"]
[SourceQuality "1"]
[WhiteTeam "MLTC"]
[BlackTeam "Kazincbarcika"]
[WhiteTeamCountry "HUN"]
[BlackTeamCountry "HUN"]

1. e4 e6 2. d4 d5 3. Nd2 Nf6 4. e5 Nfd7 5. Bd3 c5 6. c3 cxd4 7. cxd4 Nc6 8. Ne2 f6 9. exf6 Nxf6 10. 0-0 Bd6 11. Nf3 Qc7 12. Bg5 0-0 13. Nc3 Qf7 14. Bh4 Qh5 15. Nb5 Bb8 16. Bg3 Bxg3 17. fxg3 a6 18. Nd6 Ng4 19. Nh4 Rxf1+ 20. Bxf1 Qg5 21. Qc1 Qf6 22. Nf3 e5 23. dxe5 Ngxe5 24. Qc5 Be6 25. Re1 Nxf3+ 26. gxf3 Qd4+ 27. Qxd4 Nxd4 28. Rd1 Nxf3+ 29. Kg2 Ng5 30. h4 Ne4 31. Nxe4 dxe4 32. a3 Rc8 33. Re1 Rc2+ 34. Re2 Rc1 35. Rd2 Kf7 36. Be2 Kf6 37. Kf2 Ke5 38. Ke3 Rg1 39. Kf2 e3+ 40. Kxe3 Rxg3+ 41. Kf2 Rh3 42. h5 Bd5 43. Rc2 Bc6 44. Rc5+ Kf4 45. Bxa6 Rh2+ 46. Kg1 Rxb2 47. Bf1 Ra2 48. Rc3 Kg4 49. Bd3 Kxh5 50. Bxh7 g5 51. Bf5 g4 52. Rb3 Bf3 53. Bc8 Kh4 54. Bxb7 Kg3 55. Ba6 Rh2 56. Rxf3+ gxf3 57. Bb7 Rc2 0-1

[Event "Budapest FS09 IM-A"]
[Site "Budapest"]
[Date "2010.09.10"]
[Round "7"]
[White "Mokcsay, Robert"]
[Black "Szieberth, Adam"]
[Result "1/2-1/2"]
[WhiteElo "2312"]
[BlackElo "2320"]
[PlyCount "30"]
[EventDate "2010.09.04"]
[EventType "tourn"]
[EventRounds "11"]
[EventCountry "HUN"]
[EventCategory "1"]
[SourceTitle "CBM 138 Extra"]
[Source "ChessBase"]
[SourceDate "2010.10.29"]
[SourceVersion "1"]
[SourceVersionDate "2010.10.29"]
[SourceQuality "1"]

1. e4 e6 2. d4 d5 3. exd5 exd5 4. Nf3 Bd6 5. c3 c6 6. Be3 Nf6 7. Nbd2 0-0 8. Bd3 Bg4 9. 0-0 Qc7 10. h3 Bxf3 11. Qxf3 Nbd7 12. Rae1 Rae8 13. Bg5 Rxe1 14. Rxe1 Re8 15. Rxe8+ Nxe8 1/2-1/2

[Event "Budapest FS09 IM-A"]
[Site "Budapest"]
[Date "2010.09.06"]
[Round "3"]
[White "Szieberth, Adam"]
[Black "Lengyel, Bela"]
[Result "0-1"]
[WhiteElo "2320"]
[BlackElo "2261"]
[PlyCount "122"]
[EventDate "2010.09.04"]
[EventType "tourn"]
[EventRounds "11"]
[EventCountry "HUN"]
[EventCategory "1"]
[SourceTitle "CBM 138 Extra"]
[Source "ChessBase"]
[SourceDate "2010.10.29"]
[SourceVersion "1"]
[SourceVersionDate "2010.10.29"]
[SourceQuality "1"]

1. e4 e5 2. Bc4 Nf6 3. d3 c6 4. Nf3 d5 5. Bb3 a5 6. a4 Bb4+ 7. c3 Bd6 8. Bg5 dxe4 9. dxe4 h6 10. Bh4 Qe7 11. Nbd2 Nbd7 12. Bg3 Bc7 13. 0-0 Nh5 14. Nxe5 Nxe5 15. Qxh5 Bg4 16. Qh4 g5 17. Bxe5 gxh4 18. Bxh8 Qd6 19. f3 Qxh2+ 20. Kf2 0-0-0 21. Bd4 Be6 22. Bxe6+ fxe6 23. Rg1 Qg3+ 24. Ke2 Bf4 25. Nc4 e5 26. Bf2 Qg8 27. b3 b5 28. axb5 cxb5 29. Nb6+ Kb7 30. Nd5 Rxd5 31. exd5 Qxd5 32. Rgd1 Qxb3 33. Rd7+ Kc6 34. Rad1 Qc4+ 35. R1d3 e4 36. fxe4 Qxe4+ 37. Kf1 Qf5 38. R7d4 Be5 39. Rd5 b4 40. cxb4 axb4 41. Rc5+ Kb7 42. Rb3 Ka6 43. Rc4 Bg3 44. Rf3 Qb5 45. Rf6+ Ka5 46. Rfc6 Ka4 47. Be3 Kb3 48. Bxh6 Qf5+ 49. Ke2 Qf2+ 50. Kd3 Qxg2 51. Rc2 Qd5+ 52. Ke3 Qe5+ 53. Kd3 Qf5+ 54. Kd2 Qf2+ 55. Kd3 Qf1+ 56. Kd2 Be1+ 57. Ke3 Bc3 58. Re2 Qh3+ 59. Kf4 Qg3+ 60. Ke4 Qg4+ 61. Ke3 Qd4+ 0-1

[Event "Budapest FS09 IM-A"]
[Site "Budapest"]
[Date "2010.09.05"]
[Round "2"]
[White "Szalanczy, Emil"]
[Black "Szieberth, Adam"]
[Result "1-0"]
[WhiteElo "2248"]
[BlackElo "2320"]
[PlyCount "120"]
[EventDate "2010.09.04"]
[EventType "tourn"]
[EventRounds "11"]
[EventCountry "HUN"]
[EventCategory "1"]
[SourceTitle "CBM 138 Extra"]
[Source "ChessBase"]
[SourceDate "2010.10.29"]
[SourceVersion "1"]
[SourceVersionDate "2010.10.29"]
[SourceQuality "1"]

1. e4 c5 2. Nf3 e6 3. d4 cxd4 4. Nxd4 a6 5. Nc3 b5 6. Bd3 Bb7 7. Qe2 Bc5 8. Nb3 Be7 9. Bd2 d6 10. a4 b4 11. Nd1 a5 12. c3 bxc3 13. Nxc3 Nf6 14. Nd4 0-0 15. 0-0 Nbd7 16. Rfd1 Ne5 17. Bb1 Ng6 18. Be3 Qb8 19. f4 Re8 20. Ndb5 Bc6 21. g3 h5 22. h3 h4 23. g4 Qb7 24. Nxd6 Bxd6 25. Rxd6 Rad8 26. e5 Rxd6 27. exd6 Qb4 28. Bxg6 fxg6 29. Rd1 Nd5 30. Bd4 Qxd6 31. Qe5 Qf8 32. Rf1 Qf7 33. Ne4 Rd8 34. Ng5 Qf6 35. Qe4 Qe7 36. b3 Nf6 37. Qxc6 Rxd4 38. Qa8+ Rd8 39. Qxa5 Qd6 40. Qe1 Qb6+ 41. Kg2 Rd6 42. Rf3 Qc6 43. Qc3 Qd7 44. Rf2 Rd3 45. Qc4 Nd5 46. Kh2 Rc3 47. Qe4 Rxb3 48. Qxg6 Nf6 49. Qc2 Qb7 50. Rd2 Kf8 51. a5 Rb1 52. Rg2 Re1 53. Qc5+ Ke8 54. Qb6 Qc8 55. Qb5+ Nd7 56. Qb2 Qc7 57. Qd2 Nc5 58. Qxe1 Qxf4+ 59. Kg1 Qxg5 60. a6 Qe7 1-0

[Event "HUN-chT 0910"]
[Site "Hungary"]
[Date "2010.05.02"]
[Round "11"]
[White "Varadi, Viktor"]
[Black "Szieberth, Adam"]
[Result "1-0"]
[WhiteElo "2402"]
[BlackElo "2319"]
[PlyCount "83"]
[EventDate "2009.11.08"]
[EventType "team-tourn"]
[EventRounds "11"]
[EventCountry "HUN"]
[SourceTitle "EXT 2011"]
[Source "ChessBase"]
[SourceDate "2010.11.26"]
[SourceVersion "1"]
[SourceVersionDate "2010.11.26"]
[SourceQuality "1"]
[WhiteTeam "Kazincbarcika"]
[BlackTeam "MLTC"]
[WhiteTeamCountry "HUN"]
[BlackTeamCountry "HUN"]

1. e4 c5 2. Nf3 e6 3. d4 cxd4 4. Nxd4 a6 5. Bd3 Bc5 6. Nb3 Be7 7. Qg4 Bf6 8. 0-0 Ne7 9. f4 d6 10. Nc3 Nbc6 11. Be3 b5 12. Rad1 b4 13. Na4 e5 14. Qe2 exf4 15. Rxf4 Ng6 16. Rff1 Nge5 17. h3 0-0 18. Nb6 Nxd3 19. Qxd3 Rb8 20. Qxd6 Qxd6 21. Rxd6 Ne5 22. Rfxf6 gxf6 23. Bh6 Be6 24. Bxf8 Kxf8 25. Nd5 Nc4 26. Rxa6 f5 27. Nc5 fxe4 28. Nxe6+ fxe6 29. Rxe6 Nxb2 30. Rxe4 Ra8 31. Nxb4 Ra4 32. Rd4 Kf7 33. Kf2 Ra3 34. Ke2 h5 35. Kd2 Rg3 36. Kc1 Na4 37. Nd5 Nc5 38. Nf4 Ne6 39. Nxe6 Kxe6 40. Rh4 Rg5 41. Kb2 Kd6 42. Kb3 1-0

[Event "HUN-chT 0910"]
[Site "Hungary"]
[Date "2010.03.21"]
[Round "8"]
[White "Szieberth, Adam"]
[Black "Antok, Daniel"]
[Result "1-0"]
[WhiteElo "2319"]
[BlackElo "2260"]
[PlyCount "101"]
[EventDate "2009.11.08"]
[EventType "team-tourn"]
[EventRounds "11"]
[EventCountry "HUN"]
[SourceTitle "EXT 2011"]
[Source "ChessBase"]
[SourceDate "2010.11.26"]
[SourceVersion "1"]
[SourceVersionDate "2010.11.26"]
[SourceQuality "1"]
[WhiteTeam "MLTC"]
[BlackTeam "BEAC"]
[WhiteTeamCountry "HUN"]
[BlackTeamCountry "HUN"]

1. e4 c5 2. Na3 Nc6 3. Nf3 d6 4. Bb5 Bd7 5. 0-0 Nf6 6. Re1 g6 7. b3 Bg7 8. Bb2 0-0 9. Bf1 a6 10. c3 Rc8 11. d4 Bg4 12. h3 Bxf3 13. Qxf3 e5 14. dxc5 dxc5 15. Nc4 Qe7 16. Nb6 Rcd8 17. Qe3 Nb8 18. Ba3 Nbd7 19. Nxd7 Nxd7 20. b4 Rc8 21. bxc5 Rc7 22. Red1 Nxc5 23. Rd5 Rfc8 24. Rad1 b6 25. Bxa6 Ra8 26. Bxc5 bxc5 27. Bc4 Bf6 28. Qd3 Raa7 29. Rd6 Kg7 30. Qc2 Rd7 31. Rxd7 Rxd7 32. Bd5 Ra7 33. Qb3 Qc7 34. Rb1 Bd8 35. Qc4 Qd6 36. Rb5 Bb6 37. Qb3 Bd8 38. Qc4 Bb6 39. Qb3 Bd8 40. Rb8 Bc7 41. Rc8 Qd7 42. Ra8 Rxa8 43. Bxa8 Qd2 44. g3 c4 45. Qb4 Qxa2 46. Bd5 Qa7 47. Qe7 Bb8 48. Qe8 Qc7 49. Bxf7 Ba7 50. Qg8+ Kf6 51. Qh8+ 1-0

[Event "HUN-chT 0809"]
[Site "Hungary"]
[Date "2009.03.08"]
[Round "9"]
[White "Szieberth, Adam"]
[Black "Magyar, Otto"]
[Result "1/2-1/2"]
[WhiteElo "2334"]
[BlackElo "2296"]
[PlyCount "46"]
[EventDate "2008.10.26"]
[EventType "team-tourn"]
[EventRounds "11"]
[EventCountry "HUN"]
[SourceTitle "EXT 2010"]
[Source "ChessBase"]
[SourceDate "2010.11.25"]
[SourceVersion "1"]
[SourceVersionDate "2010.11.25"]
[SourceQuality "1"]
[WhiteTeam "MLTC"]
[BlackTeam "Penzugyor"]
[WhiteTeamCountry "HUN"]
[BlackTeamCountry "HUN"]

1. e4 e5 2. Nf3 Nc6 3. Bc4 Bc5 4. b4 Bxb4 5. c3 Be7 6. d4 Na5 7. Be2 d6 8. Qa4+ c6 9. dxe5 dxe5 10. Nxe5 Nf6 11. Bd2 Be6 12. 0-0 0-0 13. c4 Nxc4 14. Nxc4 b5 15. Qc2 bxc4 16. Bxc4 Bxc4 17. Qxc4 Ng4 18. Qe2 Ne5 19. Rd1 Qd3 20. Nc3 Rfd8 21. Qh5 f6 22. Be1 Qc4 23. Qe2 Rab8 1/2-1/2